| 000 | 00516nam a2200181Ia 4500 | ||
|---|---|---|---|
| 999 |
_c32097 _d32097 |
||
| 003 | OSt | ||
| 005 | 20200729121729.0 | ||
| 008 | 190216s9999||||xx |||||||||||||| ||und|| | ||
| 040 | _coclc | ||
| 082 |
_a515.9 _bNAR/C |
||
| 100 |
_aNarayanan, S _93828 |
||
| 245 | 0 |
_aComplex Analysis / _cS Narayanan ; T K Manicavachagom Pillay |
|
| 250 | _a5th Ed. | ||
| 260 |
_bViswanathan S, _c1997. _aChennai: |
||
| 300 | _a239p | ||
| 650 | _aMathematics | ||
| 942 |
_cBK _2ddc _h515.9 _iNAR/C _k515.9 _mNAR/C |
||